| 000 | 00620nam a2200193 a 4500 | ||
|---|---|---|---|
| 005 | 20251202064032.0 | ||
| 008 | 991125s1978 mx 000 0 spa u | ||
| 035 | _aUPN01000025582 | ||
| 049 | _aCG | ||
| 050 | 4 |
_aLB2002.69 A128 _bH4.3 |
|
| 100 | 1 |
_aHermida Ruiz, Ángel J. _928891 |
|
| 245 | 1 | 3 |
_aLa fundación de la escuela Normal Veracruzana / _cAngel J. Hermida Ruiz. |
| 260 |
_aJalapa : _bNormal Veracruzana, _c1978. |
||
| 300 |
_a277 p. : _bfotos |
||
| 440 | 0 |
_aDifusión cultural ; _v5 |
|
| 610 | 2 | 4 |
_aESCUELA NORMAL VERACRUZANA - _xHISTORIA _910561 |
| 650 | 4 |
_aEducación normal _zVeracruz _910559 |
|
| 905 | _aLibro | ||
| 999 |
_c25582 _d25582 |
||